| 000 | 00793cam a2200265 a 4500 | ||
|---|---|---|---|
| 001 | 000000877 | ||
| 003 | DO-SdBNP | ||
| 005 | 20230308141424.0 | ||
| 007 | ta | ||
| 008 | 770928s1960 mx 001 0 spa | ||
| 040 |
_aDO-SdBNP _bspa _cBNPHU |
||
| 082 | 4 |
_aE 861.08 _bP745r _222 |
|
| 245 | 0 | 0 | _aPoetas románticos y neoclásicos. |
| 260 |
_aMéxico : _bJ. M. Cajica, _c1960. |
||
| 300 |
_a640 p. ; _c22 cm. |
||
| 490 | 1 | _aBiblioteca ecuatoriana minima | |
| 490 | 1 | _aLa colonia y la república | |
| 590 | _aInventariado, 2023/BT | ||
| 650 | 4 |
_aPoesía ecuatoriana _vColecciones _93110 |
|
| 650 | 4 |
_aRomanticismo _zEcuador _93111 |
|
| 650 | 4 |
_aPoetas ecuatorianos _93112 |
|
| 830 | 0 |
_aBiblioteca ecuatoriana minima _983167 |
|
| 830 | 0 |
_aLa colonia y la república _983168 |
|
| 942 |
_2ddc _cLBS1 |
||
| 999 |
_c872 _d872 |
||